Bude nová centrálna parita konverzným kurzom?

Aktuálne otázky nastavenia konverzného kurzu pri vstupe Slovenska do eurozóny od 1. januára 2009. Dvojnásobná revalvácia parity. Slovensko v ERM II. Bude nová centrálna parita konverzným kurzom?

Guardado en:
Detalles Bibliográficos
Autor principal: Tučník, Miroslav
Formato: Capítulo de libro
Lenguaje:eslovaco
Materias:
Etiquetas: Agregar Etiqueta
Sin Etiquetas, Sea el primero en etiquetar este registro!

MARC

LEADER 00000naa$a2200000$$$4500
001 0084930
005 20240502071950.2
041 0 |a slo 
044 |a SK 
245 1 0 |a Bude nová centrálna parita konverzným kurzom?  |c Miroslav Tučník 
520 |a Aktuálne otázky nastavenia konverzného kurzu pri vstupe Slovenska do eurozóny od 1. januára 2009. Dvojnásobná revalvácia parity. Slovensko v ERM II. Bude nová centrálna parita konverzným kurzom? 
610 2 0 |a mena 
610 2 0 |a euro 
610 2 0 |a koruna 
610 2 0 |a eurozóna 
610 2 0 |a únie menové 
610 2 0 |a parita menová 
610 2 0 |a kurz menový 
610 2 0 |a Slovensko 
100 1 |a Tučník, Miroslav